| 000 | 00556nam a2200181 i 4500 | ||
|---|---|---|---|
| 001 | 60225 | ||
| 003 | ES-MaACL | ||
| 005 | 20230906164201.0 | ||
| 007 | t| | ||
| 008 | 031103s1980 sp ||||1| spa d | ||
| 245 | 0 | 0 |
_a¿Escribir a los cinco años? / _cMarguerite Auzias...[et al.] ; [traducción por Josefina Guerrero]. |
| 250 | _a[1ª ed.]. | ||
| 260 |
_aBarcelona : _bPlaneta, _c[1980] |
||
| 300 |
_a219 p. : _bil. ; _c19 cm. |
||
| 700 | 1 |
_aAuzias, Marguerite. _923987 |
|
| 700 | 1 |
_aGuerrero, Josefina. _960555 |
|
| 852 |
_aES-MaACL _jL-1079 _bR.101909 |
||
| 999 |
_c60225 _d60225 |
||